Word Ladder: Julianne's Movie Quiz Stats

Quiz Updated May 22, 2016

Challenge
Share
Tweet
Embed
Score 0/28 Timer 03:00
0 Plays Today
Clue 5-Letter Word % Correct
Not dead or lifelessALIVE
94.7%
Segment of a garlic bulbCLOVE
93.4%
_____ of India OR 'Sin City' actor _____ OwenCLIVE
93.4%
Dolly the Sheep was oneCLONE
92.5%
Course for running racesTRACK
91%
Automobile suitable for haulingTRUCK
91%
Agreement to stop fighting TRUCE
89.7%
Withered old woman, often in a fairy taleCRONE
82.2%
Small rodentMOUSE
79.1%
Large deer speciesMOOSE
78%
'Time in a Bottle' singer Jim _____CROCE
77.3%
To extract oil by injecting fluidFRACK
77.2%
● Julianne who won Best Actress Oscar for 2014 film ●● MOORE ●
76.3%
Earthenware jarCROCK
76.2%
Clue 5-Letter Word % Correct
A dress or a friar's garmentFROCK
76.1%
Robert the _____: King of ScotsBRUCE
68.9%
● 2nd word in 2014 Julianne [last rung] film ●● ALICE ●
61.4%
What a poor golfer might doSLICE
58.3%
Recognized nation or territory STATE
55.7%
Aromatic plant product used for flavoringSPICE
53%
Lacking originality or spontaneitySTALE
52.5%
A malicious, often petty, desire to harmSPITE
49.9%
Steps for passing over a fenceSTILE
43.8%
● 1st word in 2014 Julianne [last rung] film ●● STILL ●
42.8%
Large number in quick successionSPATE
41.3%
French for 'ball'; traditional bread loaf shapeBOULE
24.7%
A mussel, usually edibleMOULE
24.1%
Branch of the Lakȟóta peopleBRULÉ
23.6%

Today's Daily Dose

You're not logged in!

Compare scores with friends on all Sporcle quizzes.
Join for Free
OR
Log In

You Might Also Like...

Show Comments

Extras

Top Quizzes Today


Score Distribution

Your Account Isn't Verified!

In order to create a playlist on Sporcle, you need to verify the email address you used during registration. Go to your Sporcle Settings to finish the process.

Report this User

Report this user for behavior that violates our Community Guidelines.

Details: